La educación musical

Zapisane w:
Opis bibliograficzny
1. autor: Lavignac, Albert (Autor)
Format: Książka
Język:hiszpański
Wydane: Barcelona Gustavo Gili 1920
Wydanie:5a. ed
Hasła przedmiotowe:
Etykiety: Dodaj etykietę
Nie ma etykietki, Dołącz pierwszą etykiete!

MARC

LEADER 00000nam a2200000 a 4500
001 UCW2390
003 CL-VaPUC
005 20231107151107.0
008 890920e19200000SP |||||||||||||||||spa|d
999 |c 216943  |d 216941 
040 |c Pontificia Universidad Católica de Valparaíso 
082 0 4 |a 780.7 LAV 1920  |2 21 
100 |a Lavignac, Albert  |e author  |9 459770 
245 1 3 |a La educación musical 
250 |a 5a. ed 
260 |a Barcelona  |b Gustavo Gili  |c 1920 
300 |a 381 p 
583 |a last modification  |c 19890920 00:00:00  |k Rodrigo Vera 
650 0 |a Música estudio e instrucción   |9 306355 
942 |c BK  |2 ddc 
945 |d 19890920 00:00:00 
952 |0 0  |1 0  |4 0  |6 780_700000000000000_LAV_1920  |7 0  |8 A  |9 203372  |a BIBEDU  |b BIBEDU  |d 2019-11-15  |i 2706164  |o 780.7 LAV 1920  |p 2706164  |r 2023-01-12  |w 2019-11-15  |y BK  |k MUS